Αρχαία ελληνική γλυπτική : αφιέρωμα στη μνήμη του γλύπτη Στέλιου Τριάντη

Αποθηκεύτηκε σε:
Λεπτομέρειες βιβλιογραφικής εγγραφής
Συγγραφή απο Οργανισμό/Αρχή: Μουσείο Μπενάκη
Άλλοι συγγραφείς: Δαμάσκος, Δημήτρης (Επιμελητής έκδοσης)
Μορφή: Βιβλίο
Γλώσσα:Greek
Δημοσίευση: Αθήνα : Μουσείο Μπενάκη, 2002
Θέματα:
Ετικέτες: Προσθήκη ετικέτας
Δεν υπάρχουν, Καταχωρήστε ετικέτα πρώτοι!

MARC

LEADER 00000cam a2200000 i 4500
001 1/32865
008 060728s2002 gre d
020 |a 960-8452-97-X 
022 |a 11094109 
035 |l 10084792 
040 |a GR-MY-UA  |b gre  |e aacr 
041 0 |a gre 
082 0 |a 733.3  |2 (22) 
245 1 0 |a Αρχαία ελληνική γλυπτική :  |b αφιέρωμα στη μνήμη του γλύπτη Στέλιου Τριάντη /  |c επιμέλεια τόμου: Δημήτρης Δαμάσκος ; Μουσείο Μπενάκη 
260 |a Αθήνα :   |b Μουσείο Μπενάκη,   |c 2002 
300 |a 332 σ.;  |b εικ.;  |c 28 εκ. 
500 |a Μουσείο Μπενάκη, 1ο παράρτημα 
500 |a Τα περισσότερα άρθρα του τόμου προέρχονται από τις ανακοινώσεις της ημερίδας που διοργανώθηκε στη μνήμη του Στέλιου Τριάντη το Σάββατο 26 Ιανουαρίου 2002 στο Μουσείο Μπενάκη 
600 1 0 |a Τριάντης Στέλιος  |d 1931-1999. 
650 0 0 |a Sculpture, Greek  |z Greece  |x Congresses. 
700 1 |a Δαμάσκος, Δημήτρης.  |4 edt 
710 2 |a Μουσείο Μπενάκη. 
852 |a INST  |b LESVOS  |e 20060728  |h 733.3 ΑΡΧ  |p 005100036427  |q 005100036427  |t BK  |y 0 
901 |a BIBL1-2006-2 
909 |a Λ  |b 106451 
970 |a ΚΑΡΑ  |b ΓΙΑΣΕΜΗ  |z 2006/07/28